BBC Ghosts Episodes - Statistics

General Stats
  • This quiz has been taken 266 times
  • The average score is 9 of 13
Answer Stats
Hint Answer % Correct
Season One Who Do You Think You Are?
80%
Gorilla War
79%
Redding Weddy
77%
The Thomas Thorne Affair
74%
Happy Death Day
69%
Moonah Ston
69%
Getting Out
65%
Free Pass
64%
Season Two The Grey Lady
62%
Bump in the Night
59%
Perfect Day
59%
Christmas Special The Ghost of Christmas
59%
About Last Night
58%
No matching quizzes found
Score Distribution
Percent of People with Each Score
Percentile by Number Answered
Your Score History
You have not taken this quiz